Statistics for All players on NBA 2k Covers

Click here to take the quiz!

General Stats

  • This quiz has been taken 8 times
  • The average score is 29 of 43

Answer Stats

GamePlayer% Correct
2k21 DeluxeKobe Bryant
100%
2k10 NormalKobe Bryant
100%
2K17 DeluxeKobe Bryant
100%
2k12 NormalMichael Jordan
100%
2k11 NormalMichael Jordan
100%
2k16 DeluxeMichael Jordan
100%
2k23 DeluxeMichael Jordan
100%
2k16 NormalJames Harden
86%
2K19 DeluxeLeBron James
86%
2k14 NormalLeBron James
86%
2k16 NormalStephen Curry
86%
2k NormalAllen Iverson
71%
2k3 NormalAllen Iverson
71%
2k4 NormalAllen Iverson
71%
2k1 NormalAllen Iverson
71%
2k2 NormalAllen Iverson
71%
2k19 Normal (Australia and New Zealand)Ben Simmons
71%
2k8 NormalChris Paul
71%
2k19 NormalGiannis Antetokounmpo
71%
2k15 NormalKevin Durant
71%
2k22 DeluxeKevin Durant
71%
2k13 NormalKevin Durant
71%
2k12 NormalLarry Bird
71%
2k22 NormalLuka Doncic
71%
2k12 NormalMagic Johnson
71%
2k17 NormalPaul George
71%
2k7 NormalShaquille O'Neal
71%
2k6 NormalShaquille O'Neal
71%
2k18 DeluxeShaquille O’Neal
71%
2k13 NormalDerrick Rose
57%
2k23 NormalDevin Booker
57%
2k22 DeluxeKareem Abdul-Jabbar
57%
2k20 NormalAnthony Davis
43%
2k16 NormalAnthony Davis
43%
2k13 NormalBlake Griffin
43%
2k9 NormalKevin Garnett
43%
2K18 NormalKyrie Irving
43%
2k21 Normal (New Gen)Zion Williamson
43%
2k5 NormalBen Wallace
29%
2k21 Normal (Old Gen)Damian Lillard
29%
2k22 DeluxeDirk Nowitzki
29%
2k20 DeluxeDwyane Wade
29%
2k18 (Canada)DeMar DeRozan
14%

Score Distribution

Percentile by Number Answered

Percent of People with Each Score

Your Score History

You have not taken this quiz